|
|
|
|
| LEADER |
00000naa2a2200000 4500 |
| 001 |
179251 |
| 005 |
20240214100605.0 |
| 035 |
|
|
|a (RuTPU)RU\TPU\book\194315
|
| 090 |
|
|
|a 179251
|
| 100 |
|
|
|a 20100416d2008 k y0rusy50 ca
|
| 101 |
0 |
|
|a rus
|
| 102 |
|
|
|a RU
|
| 200 |
1 |
|
|a Направление обеспечения безопасности шахтных технологических процессов в третьем тысячелетии
|f А. И. Сечин
|
| 320 |
|
|
|a Библиогр.: 3 назв.
|
| 463 |
|
0 |
|0 (RuTPU)RU\TPU\book\164908
|y 5-89503-079-3
|t Проблемы геологии и освоения недр
|o труды XII Международного симпозиума имени академика М. А. Усова студентов и молодых ученых, посвященного 100-летию первого выпуска горных инженеров в Сибири и 90-летию создания Сибгеолкома в России
|f Томский политехнический университет (ТПУ), Институт геологии и нефтегазового дела (ИГНД)
|v С. 737-739
|d 2008
|p 944 с.
|
| 610 |
1 |
|
|a шахты
|
| 610 |
1 |
|
|a технологические процессы
|
| 610 |
1 |
|
|a безопасность
|
| 610 |
1 |
|
|a труды учёных ТПУ
|
| 700 |
|
1 |
|a Сечин
|b А. И.
|c специалист в области экологии и безопасности жизнедеятельности
|c профессор Томского политехнического университета, доктор технических наук
|f 1950-
|g Александр Иванович
|3 (RuTPU)RU\TPU\pers\26051
|9 11890
|
| 801 |
|
1 |
|a RU
|b 63413507
|c 20100416
|
| 942 |
|
|
|c BK
|